Evaluation of brine disposal from the Bryan Mound site of the Strategic Petroleum Reserve Program : final report of twelve-month postdisposal studies /

Bibliographic Details
Corporate Authors: Texas A & M University, Texas A & M Research Foundation, United States. Strategic Petroleum Reserve Office (sponsoring body.), Strategic Petroleum Reserve Project. Management Office (sponsoring body.)
Other Authors: Hann, R. W. (Roy William), 1934- (Editor), Randall, Robert E., 1940- (Editor), Chittenden, Mark E., Jr., (Mark Eustace), 1939-, Cummings, James A., Harper, Donald Ernest, 1940-, Kelly, Francis J., Jr, Landry, Andre M., Loeblich, Laurel Ann, 1943-, McEachran, John D., McKinney, Larry D., Minello, Thomas Joseph, Park, Taisoo, Slowey, J. Frank, Stickney, Robert R.
Format: Book
Language:English
Published: [College Station, Tex.?] : Texas A & M University through Texas A & M Research Foundation, 1981.
Subjects:

MARC

Tag First Indicator Second Indicator Subfields
LEADER 00000cam a2200000Ii 4500
001 in00001707708
005 20210320063251.0
008 850409s1981 txua b s000 0 eng d
035 |a (OCoLC)ocm11898582 
040 |a EMA  |b eng  |e rda  |c EMA  |d TAG  |d OCL  |d OCLCQ  |d OCLCG  |d OCLCQ  |d OCLCF  |d OCLCQ  |d OCLCO  |d OCLCA  |d TXA 
035 |a (OCoLC)11898582 
043 |a n-us---  |a n-us-tx  |a nm----- 
050 4 |a TD195.P4  |b E923 
090 |a TD195.P4  |b E93 1981 
049 |a TXAM 
245 0 0 |a Evaluation of brine disposal from the Bryan Mound site of the Strategic Petroleum Reserve Program :  |b final report of twelve-month postdisposal studies /  |c editors, Roy W. Hann, Jr., Robert E. Randall ; principal investigators, Mark E. Chittenden, Jr., James A. Cummings, Donald E. Harper, Jr., Francis J. Kelly, Jr., Andre M. Landry, Laurel A. Loeblich, John D. McEachran, Larry D. McKinney, Thomas J. Minello, E. Taisoo Park, Robert E. Randall, J. Frank Slowey, Robert R. Stickney. 
246 3 0 |a Final report of twelve-month postdisposal studies 
246 3 0 |a Final report of 12-month postdisposal studies 
264 1 |a [College Station, Tex.?] :  |b Texas A & M University through Texas A & M Research Foundation,  |c 1981. 
300 |a 2 volumes :  |b illustrations ;  |c 28 cm 
336 |a text  |b txt  |2 rdacontent 
337 |a unmediated  |b n  |2 rdamedia 
338 |a volume  |b nc  |2 rdacarrier 
500 |a Title from cover. 
500 |a "July 1981." 
504 |a Includes bibliographical references. 
536 |a Prepared for the Department of Energy under contract no.  |b DE-FC96-79PO10114 
541 0 |a Transferred from Dr. Mary Wicksten  |d 20170124 
650 0 |a Saltwater encroachment  |z United States. 
650 0 |a Petroleum  |x Refining  |x Desalting  |z United States. 
650 0 |a Petroleum  |x Underground storage  |z United States. 
650 0 |a Oil field brines  |x Environmental aspects  |z Mexico, Gulf of. 
650 0 |a Petroleum industry and trade  |x Waste disposal  |x Environmental aspects  |z Mexico, Gulf of. 
650 0 |a Petroleum  |x Underground storage  |x Environmental aspects  |z Mexico, Gulf of. 
650 0 |a Environmental monitoring  |z Mexico, Gulf of. 
650 0 |a Oceanography  |z Mexico, Gulf of. 
650 0 |a Coastal ecology  |z Louisiana  |z Hackberry. 
650 7 |a Petroleum  |x Refining  |x Desalting.  |2 fast  |0 (OCoLC)fst01059336 
650 7 |a Petroleum  |x Underground storage.  |2 fast  |0 (OCoLC)fst01059408 
650 7 |a Saltwater encroachment.  |2 fast  |0 (OCoLC)fst01104346 
651 7 |a United States.  |2 fast  |0 (OCoLC)fst01204155 
700 1 |a Hann, R. W.  |q (Roy William),  |d 1934-  |e editor. 
700 1 |a Randall, Robert E.,  |d 1940-  |e editor. 
700 1 |a Chittenden, Mark E.,  |c Jr.,  |q (Mark Eustace),  |d 1939- 
700 1 |a Cummings, James A. 
700 1 |a Harper, Donald Ernest,  |d 1940- 
700 1 |a Kelly, Francis J.,  |c Jr. 
700 1 |a Landry, Andre M. 
700 1 |a Loeblich, Laurel Ann,  |d 1943- 
700 1 |a McEachran, John D. 
700 1 |a McKinney, Larry D. 
700 1 |a Minello, Thomas Joseph. 
700 1 |a Park, Taisoo. 
700 1 |a Slowey, J. Frank. 
700 1 |a Stickney, Robert R. 
710 2 |a Texas A & M University. 
710 2 |a Texas A & M Research Foundation. 
710 1 |a United States.  |b Strategic Petroleum Reserve Office,  |e sponsoring body. 
710 2 |a Strategic Petroleum Reserve Project.  |b Management Office,  |e sponsoring body. 
948 |a updated  |b h  |c 2019/10/16  |e zdobbs  |f 3:34:18 pm 
948 |a cataloged  |b h  |c 2002/10/16  |d c  |e jgreene  |f 5:26:43 pm 
994 |a C0  |b TXA 
999 f f |s f334bb41-d051-3f8e-b411-5489c9756aa7  |i 745f6b3c-c7aa-3593-a9d2-3bf13b4a8760  |t 0 
952 f f |p noncirc  |a Texas A&M University  |b College Station  |c Cushing Memorial Library & Archives  |d Cushing: Texas A&M Publications (Remote Storage: 2-3 day retrieval)  |t 0  |e TD195.P4 E93 1981  |h Library of Congress classification  |i unmediated -- volume  |k v.1 
952 f f |p ric  |a Texas A&M University  |b Rellis Campus  |c Joint Library Facility  |d Remote Storage  |t 0  |e TD195.P4 E93 1981  |h Library of Congress classification  |i unmediated -- volume  |k no.2  |m A14829404799 
952 f f |p noncirc  |a Texas A&M University  |b College Station  |c Cushing Memorial Library & Archives  |d Cushing: Texas A&M Publications (Remote Storage: 2-3 day retrieval)  |t 0  |e TD195.P4 E93 1981  |h Library of Congress classification  |i unmediated -- volume  |k v.2 
952 f f |p noncirc  |a Texas A&M University  |b College Station  |c Cushing Memorial Library & Archives  |d Cushing: Texas A&M Publications (Remote Storage: 2-3 day retrieval)  |t 0  |e TD195.P4 E93 1981  |h Library of Congress classification  |i unmediated -- volume  |k v.1 
998 f f |a TD195.P4 E93 1981  |s v.1-v.2  |t 0  |l Cushing: Texas A&M Publications (Remote Storage: 2-3 day retrieval) 
998 f f |a TD195.P4 E93 1981  |s v.1  |t 0  |l Cushing: Texas A&M Publications (Remote Storage: 2-3 day retrieval) 
998 f f |a TD195.P4 E93 1981  |s no.2  |t 0  |l Remote Storage